El orgasmo y occidente: una historia del placer desde el siglo XVI a nuestro días
Saved in:
| Main Author: | |
|---|---|
| Format: | Book |
| Language: | Spanish |
| Published: |
Ciudad de México
Fondo de Cultura Económica
2008
|
| Edition: | 1a. ed |
| Series: | Tezontle
|
| Subjects: | |
| Tags: |
Add Tag
No Tags, Be the first to tag this record!
|
MARC
| LEADER | 00000nam a2200000 a 4500 | ||
|---|---|---|---|
| 001 | UCH5147 | ||
| 003 | CL-VaPUC | ||
| 008 | 091001e20080000MX |||||||||||||||||spa|d | ||
| 020 | |a 9789505577768 | ||
| 082 | 0 | 4 | |a 306.7 |b MUC |2 21 |
| 100 | |a Muchembled, Robert |e autor |9 559279 | ||
| 245 | 1 | 3 | |a El orgasmo y occidente: una historia del placer desde el siglo XVI a nuestro días |
| 250 | |a 1a. ed | ||
| 300 | |a 425 p | ||
| 942 | |c BK | ||
| 945 | |d 20091001 00:00:00 |a rbrito | ||
| 260 | |a Ciudad de México |b Fondo de Cultura Económica |c 2008 | ||
| 650 | 7 | |a HISTORIA DE LA SEXUALIDAD |2 CL-VaPUC |9 541320 | |
| 650 | 0 | |a Sexualidad |9 358183 | |
| 650 | 0 | |a Sexo |9 257818 | |
| 650 | 7 | |a EROTISMO |2 CL-VaPUC |9 313188 | |
| 583 | |a last modification |c 20091001 00:00:00 |k Rodrigo Vera | ||
| 490 | 0 | |a Tezontle | |
| 999 | |c 336337 |d 336335 | ||
| 952 | |0 0 |1 0 |4 0 |6 306_700000000000000_MUC_2008 |7 0 |8 A |9 427498 |a BIBHIS |b BIBHIS |d 2019-11-22 |i 4604555 |o 306.7 MUC 2008 |p 4604555 |r 2025-01-20 |w 2019-11-22 |y BK |k HIS | ||
| 952 | |0 0 |1 0 |4 0 |6 306_700000000000000_MUC_2008 |7 0 |8 A |9 427499 |a BIBEDU |b BIBEDU |d 2019-11-22 |i 4698053 |l 1 |o 306.7 MUC 2008 |p 4698053 |r 2025-04-16 |s 2025-04-09 |w 2019-11-22 |y BK |k PSI | ||